000 00503nam a2200169Ia 4500
008 151213s9999 xx 000 0 und d
020 _a984-508-794-9
082 _a310.5492
_b310.5492
100 _aBangladesh Bureou of Statistics
245 _aHousehold Income, Expenditure 2005
_cBangladesh Bureou of Statistics
260 _aDhaka
_bB B S
_c2007
300 _a6385 p.
650 _aReference
650 _aStatistics Report : Reference
700 _aBangladesh Bureou of Statistics
999 _c3519
_d3519